| 000 | 00398nam a2200145Ia 4500 | ||
|---|---|---|---|
| 008 | 230917s9999||||xx |||||||||||||| ||und|| | ||
| 040 |
_e40662 _aMAIN |
||
| 041 | _aEnglish | ||
| 082 | _a968.602 B927C | ||
| 100 | _aBurman, Sandra | ||
| 245 | 0 | _aChiefdom politics and allien law: basutoland under cape rule, 1871-1884 | |
| 260 |
_aLondon _bMacmillan _c1981 |
||
| 300 | _axii, 250 p. | ||
| 942 | _cBK | ||
| 999 |
_c225252 _d225252 |
||